Loading...
Java Programming with CORBA /
| Other Authors: | |
|---|---|
| Format: | Printed Book |
| Language: | English |
| Published: |
New York:
John Wiley,
1997.
|
| Subjects: |
| LEADER | 00574cam a2200193ua 4500 | ||
|---|---|---|---|
| 008 | 060815t1997||||||||||| 001 ||eng c | ||
| 041 | 0 | |a eng | |
| 082 | |a 005.133 J |b VOG/J | ||
| 245 | 0 | 0 | |a Java Programming with CORBA / |
| 260 | |a New York: |b John Wiley, |c 1997. | ||
| 300 | |a xvi, 425p.. | ||
| 362 | 1 | |a 1997. | |
| 365 | |a Rs.650/- |e pb | ||
| 500 | |a Includes index. | ||
| 650 | 0 | |a JAVA | |
| 700 | 0 | 2 | |a Vogel, Andreas, |
| 942 | |c BK | ||
| 999 | |c 7561 |d 7561 | ||
| 952 | |0 0 |1 0 |4 0 |6 005_133000000000000_J_VOG |7 0 |9 7908 |a KUCL |b KUCL |d 2014-05-23 |l 0 |o 005.133 J VOG/ |p 00812 |r 2014-05-23 |w 2014-05-23 |y BK | ||